| 000 | 01545nam0a22003371 4500 | ||
|---|---|---|---|
| 001 | rc\3034210 | ||
| 005 | 20260407093502.0 | ||
| 035 | _a(NLR Aleph) 007174941 | ||
| 090 |
_a7383819 _c7383819 |
||
| 100 | _a20111003d1940 |||y0rusy50 ca | ||
| 101 | 0 | _arus | |
| 102 | _aRU | ||
| 105 | _ay z ||||| | ||
| 200 | 1 |
_aТезисы доклада М.С. Строговича - Право и правосознание _fИн-т права Акад. наук СССР. Секция теории государства и права |
|
| 210 |
_a[Ленинград] _cтипография Военно-юридической академии Красной Армии _d1940 |
||
| 215 |
_a10 с. _d21 |
||
| 300 | _aБез тит. л. и обл. | ||
| 306 | _aНа правах рукописи | ||
| 309 | _aБез тит. л. и обл. | ||
| 333 | _aНа правах рукописи | ||
| 517 | 1 |
_aПраво и правосознание _zrus |
|
| 606 | 1 |
_aПравосознание _yСССР _91952846 _3RU\NLR\AUTH\66893378 |
|
| 700 | 1 |
_aСтрогович _bМ. С. _f1894-1984 _gМихаил Соломонович |
|
| 712 | 0 | 2 |
_4650 _aВоенно-юридическая академия Советской Армии _cМосква _9292487 _3RU\NLR\AUTH\889985 |
| 712 | 0 | 2 |
_4570 _aИнститут государства и права _cМосква _9330457 _3RU\NLR\AUTH\889917145 |
| 801 | 0 |
_aRU _bNLR _gpsbo |
|
| 801 | 1 |
_aRU _bELAR _2rusmarc |
|
| 801 | 2 |
_aRU _bNLR _c20140702 _2rusmarc |
|
| 852 |
_aNLR _j40-10/5292 |
||
| 942 | _cBOOK | ||
| 980 | _aNB | ||